• 首页
  • 本馆介绍
  • 公告通知
  • 最新文献
  • 馆藏检索
  • 电子资源
  • 读者导购
  • 参考咨询
  • 我的图书馆
  • 登录
  • 详细信息显示
  • 放入我的书架
  • 预约/预借图书
  • 作者相关作品
  • 分类相关作品
  • 丛书相关作品
  • 出版社相关作品

书目信息

  • 表格格式
  • 工作单格式
  • 卡片格式
题名:
蛋鸡标准化养殖技术图册
    
 
作者: 杨军香 , 黄仁录 , 杨宁 主编 ;全国畜牧总站 编
分册:  
出版信息: 北京   中国农业科学技术出版社  2012
页数: 138页
开本: 26cm
丛书名:
单 册:
中图分类: S831.91-64
科图分类:
主题词: 卵用鸡 , 饲养标准 , 卵用鸡--饲养标准--图集
电子资源:
ISBN: 978-7-5116-0734-8
000 01086nam0 2200289 45
001 1338870234
005 20130514151648.17
010    @a978-7-5116-0734-8@dCNY39.80
100    @a20130108d2012 em y0chiy50 ea
101 0  @achi
102    @aCN@b110000
105    @aa z 000yy
106    @ar
200 1  @a蛋鸡标准化养殖技术图册@ADan Ji Biao Zhun Hua Yang Zhi Ji Shu Tu Ce@f杨宁,杨军香,黄仁录主编@FYang Ning, Yang Jun Xiang, Huang Ren Lu Zhu Bian@g全国畜牧总站编
210    @a北京@c中国农业科学技术出版社@d2012
215    @a138页@c图@d26cm
330    @a本书通过大量直观实用的图片,从畜禽良种化、养殖设施化、生产规范化、防疫制度化、以及粪污无害化等方面详细阐述了蛋鸡养殖场标准化示范创建的主要内容。
606 0  @a卵用鸡
606 0  @a饲养标准
606 0  @a卵用鸡@x饲养标准@j图集
690    @aS831.91-64@v5
701  0 @a杨军香@AYang Jun Xiang@4主编
701  0 @a黄仁录@AHuang Ren Lu@4主编
701  0 @a杨宁@AYang Ning@c(养殖)@4主编
712 02 @a全国畜牧总站@AQuan Guo Xu Mu Zong Zhan@4编
801    @aCN@bTANGWEI@c20130108
905    @b0828916-20@dS831.91-64@e93@f5
    
    蛋鸡标准化养殖技术图册/杨宁,杨军香,黄仁录主编/全国畜牧总站编.-北京:中国农业科学技术出版社,2012
    138页:图;26cm
    
    
    ISBN 978-7-5116-0734-8:CNY39.80
    本书通过大量直观实用的图片,从畜禽良种化、养殖设施化、生产规范化、防疫制度化、以及粪污无害化等方面详细阐述了蛋鸡养殖场标准化示范创建的主要内容。
●
相关链接 在E读中查询图书 在五车中查询图书 在当当中查询图书 在豆瓣中查询图书


正题名:蛋鸡标准化养殖技术图册     索取号:S831.91-64/93         预约/预借

序号 登录号 条形码 馆藏地/架位号 状态 备注
1 0828916   208289163   第二样本阅览室/ [索取号:S831.91-64/93] 在馆    
2 0828917   208289172   第三借阅区/ [索取号:S831.91-64/93] 在馆    
3 0828918   208289181   第三借阅区/ [索取号:S831.91-64/93] 在馆    
4 0828919   208289190   第三借阅区/ [索取号:S831.91-64/93] 在馆    
5 0828920   208289207   第三借阅区/ [索取号:S831.91-64/93] 在馆    
唐山师范学院图书馆 欢迎您!
大连网信软件有限公司© 版权所有